Spider-man: No way Home - trivia - multiple choice - Statistics

General Stats
  • This quiz has been taken 194 times
    185 since last reset
  • The average score is 11 of 15
Answer Stats
Question Answer % Correct
Which two characters come through portals? Andrew and Tobey
96%
Who dies May
96%
What do Tobey and Andrew not know about The Avengers
96%
What can Ned do? Make Portals
93%
Who Reveals Spider-man's identity Mysterio
93%
What does Peter make Doctor Strange do Make Everybody Forget about Peter
89%
Who says "i'm a very good lawyer?" Daredevil / Matt Murdock
82%
Who Cameos in the end credits? Eddie Brock / Venom
82%
What villain do you see first Doc Ock
75%
Where do Doctor Strange and Spidey fight? The Mirror Dimension
71%
What does Doc Ock do? Cure Electro
68%
What do the Spider-men want to do? Cure the villains
64%
What does Green Goblin say when he arrives in the final battle? Can The Spider-man come out to play
46%
How many times does Spider-man change the spell? 5
39%
What does Electro hate? The Woods
32%
No matching quizzes found
Score Distribution
Percent of People with Each Score
Percentile by Number Answered
Your Score History
You have not taken this quiz since the last reset